Datum a čas kvízu
19
Celkem bodů
Celkový počet nahraných bodů na tomto kvízu bez doplňovacích otázek.
6.
Pořadí na kvízu
Konečné umístění týmu na tomto kvízu.
Zaznamenané odpovědi
| # | Otázka | Odpověď | Body | Výsledky |
|---|---|---|---|---|
| 1. | Piráti připravili návrh, podle... | 0 | ||
| 2. | Podle čínského kalendáře vstou... | 0.5 | ||
| 3. | Jak se jmenuje osmnáctiletá st... | 0 | ||
| 4. | Zatímco s robotickým vozítkem... | 1 | ||
| 5. | Trenér české hokejové reprezen... | 1 | ||
| 7. | Kterou barvou je na mapě vyzna... | 0 | ||
| 8. | Jak se slovy na V a K česky ří... | 0 | ||
| 9. | Nejvyšší vodopád na světě najd... | 0 | ||
| 10. | Vzhledem k přírodním podmínkám... | 0 | ||
| 43. | Která z těchto kosmetických zn... | 0 |